Definitívne výsledky 20. kola periodických aukcií RM-Systému Slovakia, od 15.6.1994 do 28.6.1994
Abecedne usporiadaný zoznam emitentov-účastinných spoločností s uvedením aukčných kúpnych cien, ponuky, dopytu a objemov obchodu.
Guardado en:
| Formato: | Capítulo de libro |
|---|---|
| Lenguaje: | eslovaco |
| Materias: | |
| Etiquetas: |
Sin Etiquetas, Sea el primero en etiquetar este registro!
|
MARC
| LEADER | 00000naa a2200000 4500 | ||
|---|---|---|---|
| 001 | r015609 | ||
| 005 | 20221213114409.9 | ||
| 041 | 0 | |a slo | |
| 044 | |a SK | ||
| 245 | 1 | 0 | |a Definitívne výsledky 20. kola periodických aukcií RM-Systému Slovakia, od 15.6.1994 do 28.6.1994 |
| 520 | |a Abecedne usporiadaný zoznam emitentov-účastinných spoločností s uvedením aukčných kúpnych cien, ponuky, dopytu a objemov obchodu. | ||
| 610 | 2 | 0 | |a aukcie |
| 610 | 2 | 0 | |a akcie |
| 610 | 2 | 0 | |a RM-Systém Slovakia |
| 610 | 2 | 0 | |a obchody mimoburzové |
| 610 | 2 | 0 | |a papiere cenné |
| 610 | 2 | 0 | |a 1994 |
| 610 | 2 | 0 | |a jún |
| 610 | 2 | 0 | |a trh kapitálový |
| 610 | 2 | 0 | |a Slovensko |